| 000 -LEADER |
| fixed length control field |
01737nam a22001577a 4500 |
| 008 - FIXED-LENGTH DATA ELEMENTS--GENERAL INFORMATION |
| fixed length control field |
230222b ||||| |||| 00| 0 eng d |
| 100 ## - MAIN ENTRY--PERSONAL NAME |
| Personal name |
Sankar, Amal |
| 245 ## - TITLE STATEMENT |
| Title |
Deciphering two-minute magic: Men, women and children in Maggi advertisements aired in Indian television |
| 260 ## - PUBLICATION, DISTRIBUTION, ETC. (IMPRINT) |
| Place of publication, distribution, etc |
Sociological Bulletin |
| 300 ## - PHYSICAL DESCRIPTION |
| Extent |
71(3), Jul, 2022: p.352-370 |
| 520 ## - SUMMARY, ETC. |
| Summary, etc |
This article discusses how men, women and children have been represented in Maggi television advertisements aired at different periods in India. The analysis attempts to interpret the similarities and differences in representation and symbolisation of different characters, elements and acts at different periods. As per the analysis, Maggi was hiding its industrial food characteristics behind some of the explicit representations rooted in Brahmanical patriarchy. Maggi started showing their noodles as food for happy and hungry children made by non-working upper-caste-class mothers. Men in Maggi advertisements never cooked. The advertisements included the symbolisation of ritualistic purification in many ways. These representations cover up Maggi’s industrial food characteristics such as reproduction of taste, simplicity to make and convenience. However, Maggi’s advertisements became realistic after India’s food regulator had banned Maggi in 2015. They started to show people from different classes and caste groups, men cook and Maggi being served on streets and started to claim itself as an industrial food through its advertisements.- Reproduced |
| 650 ## - SUBJECT ADDED ENTRY--TOPICAL TERM |
| Topical term or geographic name as entry element |
Representation, of food in media, Intersectionality, Content analysis, Brahmanical patriarchy. |
| 9 (RLIN) |
35831 |
| 773 ## - HOST ITEM ENTRY |
| Main entry heading |
Sociological Bulletin |
| 906 ## - LOCAL DATA ELEMENT F, LDF (RLIN) |
| Subject DIP |
MASS MEDIA |
| 942 ## - ADDED ENTRY ELEMENTS (KOHA) |
| Item type |
Articles |